[Event "IV Trofeo Giorgio Porreca A"]
[Site "Napoli ITA"]
[Date "2014.09.25"]
[Round "1"]
[White "Zinnai, Graziano Matteo"]
[Black "Taurisano, Vincenzo"]
[Result "1-0"]
[WhiteElo "2082"]
[BlackElo "1908"]
[PlyCount "79"]
[EventDate "2014.09.25"]

1. e4 e5 2. Nf3 Nc6 3. Bb5 a6 4. Ba4 Nf6 5. O-O Be7 6. Re1 d6 7. c3 O-O 8. h3
b5 9. Bb3 Bb7 10. d3 Na5 11. Bc2 c5 12. Nbd2 Nc6 13. Nf1 b4 14. Ng3 bxc3 15.
bxc3 Rb8 16. Nf5 Bc8 17. N3h4 Ne8 18. Nxe7+ Qxe7 19. Nf3 f5 20. d4 cxd4 21.
cxd4 Kh8 22. Bg5 Qf7 23. dxe5 Nxe5 24. Nxe5 dxe5 25. exf5 Bxf5 26. Rxe5 Bxh3
27. Qd4 Rb4 28. Qe3 Rb2 29. Re7 Qh5 30. Re1 Nd6 31. Qe5 Nf5 32. Bxf5 Qxg5 33.
Bxh3 Qxe5 34. R1xe5 Rxa2 35. Rd7 Raxf2 36. Ree7 R2f6 37. Rxg7 Rh6 38. Ra7 Re8
39. Bf5 a5 40. Rgf7 1-0

[Event "IV Trofeo Giorgio Porreca A"]
[Site "Napoli ITA"]
[Date "2014.09.25"]
[Round "1"]
[White "Di Meo, Antonio"]
[Black "Supino, Domenico"]
[Result "0-1"]
[WhiteElo "1874"]
[BlackElo "2059"]
[PlyCount "50"]
[EventDate "2014.09.25"]

1. g4 c5 2. Bg2 Nc6 3. c4 e6 4. Nf3 Nge7 5. d3 Qc7 6. Nc3 a6 7. Bd2 Ng6 8. Qc1
Be7 9. h3 b6 10. Ne4 Bb7 11. Qc3 d5 12. cxd5 exd5 13. Ng3 d4 14. Qc2 Nce5 15.
Nf5 Nxf3+ 16. Bxf3 Bxf3 17. exf3 O-O-O 18. b4 Rd5 19. Qc4 Qb7 20. Nxe7+ Nxe7
21. O-O Ng6 22. bxc5 Rxc5 23. Qxd4 Nh4 24. Qxg7 Qxf3 25. Qxh8+ Kb7 0-1

[Event "IV Trofeo Giorgio Porreca A"]
[Site "Napoli ITA"]
[Date "2014.09.25"]
[Round "1"]
[White "Somma, Andrea"]
[Black "Buonanno, Raffaele"]
[Result "1-0"]
[WhiteElo "1866"]
[BlackElo "1644"]
[PlyCount "59"]
[EventDate "2014.09.25"]

1. e4 d6 2. d4 g6 3. Nf3 Bg7 4. Be2 Nf6 5. Nc3 O-O 6. Be3 Nc6 7. Qd2 Re8 8. Bh6
Bh8 9. d5 Nb8 10. h4 c6 11. h5 cxd5 12. hxg6 fxg6 13. Bg5 dxe4 14. Nxe4 Nxe4
15. Qd5+ e6 16. Qxe4 Qa5+ 17. Bd2 Qd8 18. c3 d5 19. Qf4 Bg7 20. Qh2 h5 21. g4
hxg4 22. Qh7+ Kf7 23. Ne5+ Kf6 24. Bg5+ Kxg5 25. Nf7+ Kf6 26. Nxd8 Rh8 27. Qxh8
Bxh8 28. Rxh8 Kg7 29. Rh1 e5 30. O-O-O 1-0

[Event "IV Trofeo Giorgio Porreca A"]
[Site "Napoli ITA"]
[Date "2014.09.25"]
[Round "1"]
[White "Auletta, Pasquale"]
[Black "Solombrino, Giovanni"]
[Result "0-1"]
[WhiteElo "1606"]
[BlackElo "1864"]
[PlyCount "48"]
[EventDate "2014.09.25"]

1. e4 c5 2. Nf3 Nc6 3. d4 cxd4 4. Nxd4 g6 5. Nc3 Bg7 6. Be3 Nf6 7. f3 O-O 8.
Bc4 Qb6 9. Qd2 Nxe4 10. Nxc6 Nxd2 11. Nxe7+ Kh8 12. Bxb6 Nxc4 13. Bc5 d6 14.
Bb4 a5 15. Bxd6 Nxd6 16. Na4 Re8 17. O-O-O Rxe7 18. Nb6 Rb8 19. Rxd6 Be6 20.
Rhd1 Be5 21. R6d3 Bxh2 22. Re3 Bf4 23. Rde1 Bxa2 24. Kd2 Rd8+ 0-1

[Event "IV Trofeo Giorgio Porreca A"]
[Site "Napoli ITA"]
[Date "2014.09.25"]
[Round "1"]
[White "Esposito, Rosario"]
[Black "Freda, Guido"]
[Result "1/2-1/2"]
[WhiteElo "1805"]
[BlackElo "1599"]
[PlyCount "75"]
[EventDate "2014.09.25"]

1. d4 d5 2. c4 e6 3. Nc3 Nf6 4. Bg5 Be7 5. e3 Nc6 6. Nf3 O-O 7. Qc2 Nb4 8. Qb3
c5 9. a3 Nc6 10. Bxf6 Bxf6 11. cxd5 cxd4 12. Ne4 exd5 13. Nxf6+ Qxf6 14. O-O-O
dxe3 15. fxe3 Rd8 16. Bd3 Be6 17. Bc2 Na5 18. Qd3 g6 19. Nd4 Rac8 20. Kb1 Nc4
21. Rdf1 Qg7 22. Ka2 Rd6 23. b3 Ne5 24. Qd2 f5 25. Bb1 Qe7 26. Rc1 Nc6 27. Nb5
Rdd8 28. Nd4 Bd7 29. Nb5 a6 30. Nd4 Ra8 31. Rc3 Nxd4 32. Qxd4 Bc6 33. Rhc1 a5
34. Bd3 Qd6 35. g3 Kf7 36. Rc5 Rdc8 37. Bc4 Rd8 38. Bb5 1/2-1/2

[Event "IV Trofeo Giorgio Porreca A"]
[Site "Napoli ITA"]
[Date "2014.09.25"]
[Round "1"]
[White "Pellegrino, Carlo"]
[Black "Caiazzo, Diego"]
[Result "1-0"]
[WhiteElo "1557"]
[BlackElo "1754"]
[PlyCount "53"]
[EventDate "2014.09.25"]

1. d4 e6 2. Nf3 Nf6 3. e3 b6 4. Bd3 Bb7 5. O-O Be7 6. Nbd2 O-O 7. Qe2 d5 8. Ne5
Nbd7 9. f4 c5 10. c3 Qc7 11. Rf3 Ne4 12. Rh3 Ndf6 13. Ndf3 h6 14. Nd2 Nxd2 15.
Bxd2 Ne4 16. Rd1 Rfd8 17. Qg4 Kf8 18. Qh5 Bf6 19. Be1 Bxe5 20. fxe5 c4 21. Be2
Bc6 22. Bh4 Rdb8 23. Rf1 Be8 24. Qg6 f6 25. Qh7 f5 26. Qh8+ Kf7 27. Bh5+ 1-0

[Event "IV Trofeo Giorgio Porreca A"]
[Site "Napoli ITA"]
[Date "2014.09.25"]
[Round "1"]
[White "Ghiani, Marco"]
[Black "Somma, Erminio"]
[Result "1-0"]
[WhiteElo "1683"]
[BlackElo "1522"]
[PlyCount "93"]
[EventDate "2014.09.25"]

1. d4 f5 2. c4 Nf6 3. Nf3 g6 4. g3 Bg7 5. Bg2 d6 6. Nc3 O-O 7. O-O Qe8 8. Qb3
Kh8 9. Nd2 c6 10. d5 e5 11. dxe6 Qxe6 12. e4 Qf7 13. Qc2 fxe4 14. Ncxe4 Bf5 15.
Qb3 Nxe4 16. Bxe4 Bxe4 17. Nxe4 Qc7 18. Bf4 Be5 19. Rad1 Bxf4 20. gxf4 Rxf4 21.
Nxd6 b6 22. Qc3+ Qg7 23. Qxg7+ Kxg7 24. Ne8+ Kh6 25. Nc7 Rxc4 26. Nxa8 Rc2 27.
Rb1 Na6 28. Rfc1 Re2 29. Rxc6 Nb4 30. Rc7 Nxa2 31. Rxa7 Nb4 32. Nxb6 Nd3 33. b4
Nxf2 34. Kf1 Rc2 35. Nd5 Nd3 36. b5 Rf2+ 37. Kg1 Rf5 38. Rd7 Rg5+ 39. Kf1 Rf5+
40. Ke2 Nc5 41. Rd6 Re5+ 42. Kd1 Rf5 43. Ne3 Rg5 44. b6 Rg1+ 45. Kc2 Rg5 46. b7
Nxb7 47. Rxb7 1-0

[Event "IV Trofeo Giorgio Porreca A"]
[Site "Napoli ITA"]
[Date "2014.09.25"]
[Round "1"]
[White "Soave, Vittorio"]
[Black "Pellegrino, Giovanni"]
[Result "1-0"]
[WhiteElo "1658"]
[BlackElo "1406"]
[PlyCount "85"]
[EventDate "2014.09.25"]

1. d4 d5 2. c4 Nc6 3. Nc3 Nf6 4. Nf3 Bg4 5. e3 e6 6. Be2 Bb4 7. a3 Bxc3+ 8.
bxc3 Bxf3 9. Bxf3 dxc4 10. Qa4 Qd6 11. Rb1 Rb8 12. Bxc6+ Ke7 13. Bf3 a6 14. Qb4
Qxb4 15. Rxb4 b5 16. O-O Kd7 17. e4 c6 18. Bf4 Rb6 19. a4 Ra8 20. Ra1 a5 21.
Rbb1 Raa6 22. g3 bxa4 23. Rxb6 Rxb6 24. Rxa4 Rb3 25. Rxc4 a4 26. Rxa4 Rxc3 27.
Kg2 Rb3 28. Ra7+ Ke8 29. Bd6 Nd7 30. Ra8+ Nb8 31. Rxb8+ Rxb8 32. Bxb8 f5 33.
exf5 g5 34. fxe6 h5 35. Bxc6+ Ke7 36. d5 h4 37. Bc7 h3+ 38. Kf1 g4 39. d6+ Kf8
40. e7+ Kg7 41. e8=Q Kf6 42. Bd8+ Kf5 43. Bd7# 1-0

[Event "IV Trofeo Giorgio Porreca A"]
[Site "Napoli ITA"]
[Date "2014.10.02"]
[Round "2"]
[White "Buiano, Fabio"]
[Black "Lombardo, Michele"]
[Result "1-0"]
[WhiteElo "2083"]
[BlackElo "2052"]
[PlyCount "48"]
[EventDate "2014.09.25"]

1. e4 g6 2. d4 Bg7 3. Nc3 c6 4. Nf3 d5 5. h3 Nf6 6. e5 Ne4 7. Nxe4 dxe4 8. Ng5
c5 9. e6 f6 10. Nf7 Qxd4 11. Be3 Qxd1+ 12. Rxd1 Bxe6 13. Nxh8 Nd7 14. Nxg6 hxg6
15. Bb5 Rc8 16. O-O a6 17. Be2 Ne5 18. b3 Kf7 19. f3 exf3 20. Bxf3 Nxf3+ 21.
Rxf3 c4 22. Rf2 Bf5 23. g4 Be4 24. Rd4 f5 1-0

[Event "IV Trofeo Giorgio Porreca A"]
[Site "Napoli ITA"]
[Date "2014.10.02"]
[Round "2"]
[White "Ficco, Corrado"]
[Black "Zinnai, Graziano Matteo"]
[Result "1/2-1/2"]
[WhiteElo "2027"]
[BlackElo "2082"]
[PlyCount "117"]
[EventDate "2014.09.25"]

1. e4 c5 2. Nf3 e6 3. d4 cxd4 4. Nxd4 a6 5. Nc3 Qc7 6. Be3 Bb4 7. Qd3 Nf6 8. f3
Nc6 9. Nxc6 dxc6 10. O-O-O e5 11. g4 Be6 12. g5 Nd7 13. a3 Be7 14. h4 Rd8 15.
Bh3 Bxh3 16. Rxh3 Qa5 17. Nb1 b5 18. Rhh1 c5 19. h5 Nb6 20. Qc3 Qxc3 21. Rxd8+
Kxd8 22. Nxc3 Nc4 23. Rd1+ Ke8 24. Bd2 Nxd2 25. Kxd2 Bxg5+ 26. Ke2 Be7 27. Nd5
Bd8 28. Ne3 f6 29. Rd5 c4 30. Rd6 Bc7 31. Rxa6 Kd7 32. Nd5 Rc8 33. h6 gxh6 34.
Rxf6 Rg8 35. Rf7+ Kd6 36. Nxc7 Rg2+ 37. Kd1 Kc5 38. Rxh7 Kd4 39. Rxh6 Rg1+ 40.
Ke2 Rg2+ 41. Kf1 Rxc2 42. Nxb5+ Ke3 43. Nd6 Kxf3 44. Rh3+ Kf4 45. Rc3 Rxb2 46.
Nxc4 Ra2 47. Nd6 Rd2 48. Rc6 Ra2 49. Rc3 Rd2 50. Nb5 Kxe4 51. a4 Rb2 52. Ke1
Kf4 53. Nd6 Ra2 54. Rc4+ Ke3 55. Kd1 Rd2+ 56. Ke1 Rxd6 57. Rc3+ Kd4 58. Ra3 Ra6
59. a5 1/2-1/2

[Event "IV Trofeo Giorgio Porreca A"]
[Site "Napoli ITA"]
[Date "2014.10.02"]
[Round "2"]
[White "Supino, Domenico"]
[Black "Cosenza, Gianni"]
[Result "1-0"]
[WhiteElo "2059"]
[BlackElo "1946"]
[PlyCount "50"]
[EventDate "2014.09.25"]

1. e4 e6 2. d4 d5 3. Nc3 Nf6 4. Bg5 Be7 5. e5 Nfd7 6. h4 h6 7. Qh5 g6 8. Bxe7
Qxe7 9. Qg4 Qb4 10. O-O-O Nxe5 11. Qf4 Nc4 12. Bxc4 Qxc4 13. Nf3 Nd7 14. Rhe1
Qc6 15. Ne5 Nxe5 16. Rxe5 Kf8 17. Qf6 Rg8 18. h5 gxh5 19. Qxh6+ Ke8 20. Nxd5
Rxg2 21. Qh8+ Kd7 22. Qf6 Qd6 23. Qxf7+ Kc6 24. Ne3 b6 25. Nxg2 Bd7 1-0

[Event "IV Trofeo Giorgio Porreca A"]
[Site "Napoli ITA"]
[Date "2014.10.02"]
[Round "2"]
[White "Schiappoli, Dario"]
[Black "Messina, Enrico"]
[Result "0-1"]
[WhiteElo "1882"]
[BlackElo "2135"]
[PlyCount "96"]
[EventDate "2014.09.25"]

1. e4 d6 2. d4 Nf6 3. Nc3 e5 4. dxe5 dxe5 5. Qxd8+ Kxd8 6. Bg5 c6 7. Bc4 Ke8 8.
a3 Nbd7 9. Nf3 Be7 10. O-O h6 11. Bh4 Nh5 12. Bg3 Bf6 13. Bb3 Ke7 14. Rad1 b5
15. Rd2 Nxg3 16. hxg3 Nc5 17. Ba2 a5 18. b4 axb4 19. axb4 Ne6 20. Bb3 Rd8 21.
Rfd1 Rxd2 22. Rxd2 g6 23. Ne2 Ra1+ 24. Kh2 Nc7 25. Neg1 Rb1 26. Ne2 Na6 27. Nc3
Rc1 28. Na2 Rb1 29. Nc3 Ra1 30. Na2 Bg4 31. c4 Be6 32. Rc2 bxc4 33. Ba4 Nxb4
34. Nxb4 Rxa4 35. Na2 Kd7 36. Nd2 Be7 37. Nc3 Ra1 38. Ne2 Bc5 39. f4 c3 40.
Nxc3 Bg1+ 41. Kh1 Be3+ 42. Kh2 exf4 43. Nf3 fxg3+ 44. Kxg3 f6 45. e5 f5 46. Ne2
Ra2 47. Nfd4 Bxd4 48. Rxa2 Bxe5+ 0-1

[Event "IV Trofeo Giorgio Porreca A"]
[Site "Napoli ITA"]
[Date "2014.10.02"]
[Round "2"]
[White "Taurisano, Vincenzo"]
[Black "Melchior, Alex"]
[Result "0-1"]
[WhiteElo "1908"]
[BlackElo "1920"]
[PlyCount "88"]
[EventDate "2014.09.25"]

1. e4 c5 2. Nf3 d6 3. d4 cxd4 4. Nxd4 Nf6 5. Nc3 a6 6. Bc4 e6 7. O-O Be7 8. Be3
O-O 9. f4 b5 10. Bd3 b4 11. Nce2 e5 12. Nb3 Ng4 13. Qd2 a5 14. a3 bxa3 15. Rxa3
d5 16. Bc5 Bxc5+ 17. Nxc5 Qb6 18. b4 Nd7 19. Kh1 Nxc5 20. bxc5 Qxc5 21. Rc3 Qa7
22. Ng3 d4 23. Ra3 a4 24. fxe5 Qe7 25. Rfa1 Bd7 26. Nf5 Qxe5 27. g3 h6 28. Rf1
Bc6 29. Rf4 Rfb8 30. Ra1 a3 31. h3 Ne3 32. Kh2 a2 33. c3 Nxf5 34. Rxf5 dxc3 35.
Qf4 Rb2+ 36. Kh1 Qxf4 37. Rxf4 Rd2 38. Bc4 Kh7 39. Bxf7 c2 40. Rff1 Bxe4+ 41.
Kg1 Rg2+ 42. Kh1 Rxg3+ 43. Kh2 Rg2+ 44. Kh1 Ra3 0-1

[Event "IV Trofeo Giorgio Porreca A"]
[Site "Napoli ITA"]
[Date "2014.10.02"]
[Round "2"]
[White "Soave, Vittorio"]
[Black "Di Meo, Antonio"]
[Result "1-0"]
[WhiteElo "1658"]
[BlackElo "1874"]
[PlyCount "101"]
[EventDate "2014.09.25"]

1. d4 b5 2. e4 a6 3. Bd3 Bb7 4. Bf4 e6 5. Nd2 c5 6. c3 Nf6 7. Ngf3 Nc6 8. O-O
Be7 9. Re1 cxd4 10. cxd4 h6 11. a3 Qb6 12. Nb3 d5 13. e5 Nd7 14. Qe2 Na5 15.
Nxa5 Qxa5 16. Bd2 Qb6 17. Rec1 Nb8 18. b4 Nc6 19. Be3 Kd7 20. Qb2 Rhc8 21. Nd2
Nd8 22. Nb3 Rxc1+ 23. Rxc1 Rc8 24. Na5 Rxc1+ 25. Qxc1 Qc7 26. Qxc7+ Kxc7 27.
Kf1 Bc8 28. Ke2 f5 29. f4 Nf7 30. Nb3 Nh8 31. Nc5 Kd8 32. Kf3 Ke8 33. g4 fxg4+
34. Kxg4 Kf7 35. h4 g6 36. h5 gxh5+ 37. Kxh5 Kg7 38. Bf2 Nf7 39. Be3 Nd8 40.
Bf2 Nc6 41. Bg6 Bxc5 42. dxc5 a5 43. Be8 Bb7 44. bxa5 Nxa5 45. Bxb5 Nb3 46. c6
Bc8 47. a4 Na5 48. Bb6 Nc4 49. a5 Kh7 50. Bg1 Na3 51. Bd3+ 1-0

[Event "IV Trofeo Giorgio Porreca A"]
[Site "Napoli ITA"]
[Date "2014.10.02"]
[Round "2"]
[White "Pellegrino, Carlo"]
[Black "Somma, Andrea"]
[Result "0-1"]
[WhiteElo "1557"]
[BlackElo "1866"]
[PlyCount "86"]
[EventDate "2014.09.25"]

1. d4 g6 2. Nf3 Bg7 3. e3 d6 4. Be2 e6 5. c4 Nd7 6. Nc3 h6 7. O-O Ne7 8. b3 O-O
9. Bb2 f5 10. Rc1 g5 11. Rc2 Ng6 12. Bd3 b6 13. e4 Nf4 14. d5 Nc5 15. Ne1 e5
16. Bc1 Nfxd3 17. Nxd3 Nxd3 18. Qxd3 f4 19. f3 g4 20. Kf2 Qh4+ 21. Ke2 Qxh2 22.
Kd1 g3 23. Re2 Qh5 24. Ree1 a6 25. Rh1 Qg5 26. Ne2 Kf7 27. Ng1 h5 28. Nh3 Qg6
29. Bd2 Bd7 30. Qc2 a5 31. Qc1 Bh6 32. Kc2 c6 33. dxc6 Bxc6 34. a4 Rfc8 35. Qa1
Bd7 36. Bc3 Rc7 37. Rd1 Rac8 38. Rc1 Bc6 39. Kd3 Bb7 40. Kd2 Bxe4 41. fxe4 Qxe4
42. Rce1 f3+ 43. Kd1 Qd3+ 0-1

[Event "IV Trofeo Giorgio Porreca A"]
[Site "Napoli ITA"]
[Date "2014.10.02"]
[Round "2"]
[White "Solombrino, Giovanni"]
[Black "Esposito, Rosario"]
[Result "1/2-1/2"]
[WhiteElo "1864"]
[BlackElo "1805"]
[PlyCount "39"]
[EventDate "2014.09.25"]

1. e4 c5 2. Nf3 e6 3. d4 cxd4 4. Nxd4 Nc6 5. Nc3 Qc7 6. Be3 a6 7. Bd3 Ne5 8. f4
Nxd3+ 9. cxd3 Bb4 10. Rc1 Ne7 11. O-O Qd8 12. a3 Bxc3 13. Rxc3 d5 14. e5 O-O
15. Qg4 Nf5 16. Bf2 Bd7 17. Rfc1 Qe7 18. Nxf5 exf5 19. Qf3 Qe6 20. Bc5 1/2-1/2

[Event "IV Trofeo Giorgio Porreca A"]
[Site "Napoli ITA"]
[Date "2014.10.02"]
[Round "2"]
[White "Somma, Erminio"]
[Black "Lombardo, Claudio"]
[Result "0-1"]
[WhiteElo "1522"]
[BlackElo "1844"]
[PlyCount "102"]
[EventDate "2014.09.25"]

1. d4 d5 2. Nf3 Nf6 3. e3 c6 4. Bd3 Bg4 5. Be2 e6 6. Ne5 Bxe2 7. Qxe2 Nbd7 8.
Nxd7 Qxd7 9. O-O Be7 10. Nd2 O-O 11. Nf3 Qc7 12. Ne5 Rac8 13. c3 Bd6 14. f4
Bxe5 15. fxe5 Ne4 16. Bd2 c5 17. Rac1 c4 18. Be1 Qa5 19. a3 b5 20. h4 Qd8 21.
Qg4 Qe7 22. h5 f5 23. Qh4 Qxh4 24. Bxh4 Rf7 25. Rf4 g6 26. hxg6 hxg6 27. Be1
Rh7 28. Rh4 Rxh4 29. Bxh4 Kg7 30. Rc2 g5 31. Be1 Kg6 32. g3 Rh8 33. Rg2 g4 34.
Rh2 Rxh2 35. Kxh2 Kf7 36. Kg2 Ke7 37. Kf1 Kd7 38. Ke2 Kc6 39. Kd1 Kb6 40. Kc2
Ka5 41. b4+ Ka4 42. Kb2 Ng5 43. Bd2 Nf3 44. Bc1 Ne1 45. Bd2 Nd3+ 46. Ka2 a6 47.
e4 fxe4 48. Be3 Ne1 49. Kb2 Ng2 50. Bc1 e3 51. Kc2 e2 0-1

[Event "IV Trofeo Giorgio Porreca A"]
[Site "Napoli ITA"]
[Date "2014.10.02"]
[Round "2"]
[White "Caiazzo, Diego"]
[Black "Capozzoli, Silvio"]
[Result "1-0"]
[WhiteElo "1754"]
[BlackElo "1641"]
[PlyCount "121"]
[EventDate "2014.09.25"]

1. d4 g6 2. e4 Bg7 3. Nf3 e6 4. Bd3 Ne7 5. O-O d6 6. c3 Nd7 7. Nbd2 b6 8. Re1
Bb7 9. Qe2 h6 10. Nb3 a6 11. h3 O-O 12. Bf4 g5 13. Bh2 Qe8 14. Rad1 Ng6 15. Qe3
e5 16. d5 Qe7 17. Bf1 Nf6 18. Nfd2 Bc8 19. g3 Nh7 20. Bg2 h5 21. f3 f5 22. Rf1
f4 23. Qe1 Qf6 24. g4 h4 25. Kh1 Bd7 26. Rf2 Ne7 27. Bg1 Rfb8 28. Bf1 Nf8 29.
c4 Qf7 30. Nb1 Qe8 31. Nc3 Qc8 32. Rfd2 Qb7 33. Kh2 Be8 34. Bf2 Neg6 35. Rb1
Nd7 36. Nc1 Bf8 37. Nd3 Qc8 38. b4 Be7 39. a4 Kf7 40. Rdb2 Bd8 41. c5 bxc5 42.
bxc5 Rxb2 43. Rxb2 Rb8 44. Qb1 Rxb2 45. Qxb2 Qa8 46. c6 Nb8 47. a5 Ne7 48. Nb4
Nc8 49. Qe2 Nxc6 50. dxc6 Ne7 51. Qxa6 Qxa6 52. Bxa6 Nxc6 53. Nxc6 Bxc6 54.
Bc4+ Ke7 55. Nd5+ Ke8 56. a6 Ba8 57. Nc3 c6 58. Na4 Ba5 59. Nb6 Bxb6 60. Bxb6
Kd7 61. Kg2 1-0

[Event "IV Trofeo Giorgio Porreca A"]
[Site "Napoli ITA"]
[Date "2014.10.02"]
[Round "2"]
[White "Di Gennaro, Antonio"]
[Black "Auletta, Pasquale"]
[Result "0-1"]
[WhiteElo "1666"]
[BlackElo "1606"]
[PlyCount "106"]
[EventDate "2014.09.25"]

1. e4 c5 2. Nf3 d6 3. d4 cxd4 4. Nxd4 Nf6 5. Nc3 a6 6. Be3 e5 7. Nb3 Be6 8. f3
Be7 9. Qd2 Nbd7 10. g4 b5 11. O-O-O Nb6 12. Qf2 Rb8 13. g5 Nfd7 14. Rg1 Rc8 15.
Nd5 Nxd5 16. exd5 Bf5 17. Bd3 Bxd3 18. Rxd3 a5 19. Kb1 Qc7 20. Rc3 Nc5 21. Nxc5
dxc5 22. Rd3 c4 23. Rdd1 Qd6 24. f4 c3 25. b3 a4 26. fxe5 Qxe5 27. Bd4 Qd6 28.
Qe3 O-O 29. Bxc3 Qxh2 30. Qe5 Qxe5 31. Bxe5 Bc5 32. Rg3 Rfe8 33. Bb2 Re2 34.
Rc3 b4 35. Rc4 a3 36. Bc1 Ree8 37. d6 Red8 38. Bf4 f6 39. gxf6 gxf6 40. d7 Rc6
41. Re4 Kf7 42. Rd5 Bf8 43. Rc4 Rxc4 44. bxc4 Ke6 45. Rh5 Rxd7 46. Bc1 f5 47.
Rh3 Ke5 48. Re3+ Kf6 49. Rh3 Kg6 50. Rd3 Rc7 51. Rd4 Bg7 52. Rf4 Rd7 53. Rh4
Rd1 0-1

[Event "IV Trofeo Giorgio Porreca A"]
[Site "Napoli ITA"]
[Date "2014.10.09"]
[Round "3"]
[White "Somma, Andrea"]
[Black "Buiano, Fabio"]
[Result "1/2-1/2"]
[WhiteElo "1866"]
[BlackElo "2083"]
[PlyCount "92"]
[EventDate "2014.09.25"]

1. e4 c5 2. Nf3 g6 3. d3 Bg7 4. c3 Nc6 5. Be2 d6 6. Be3 Nf6 7. h3 O-O 8. Qd2
Rb8 9. Bh6 b5 10. Bxg7 Kxg7 11. O-O a5 12. Re1 b4 13. Bf1 e5 14. d4 cxd4 15.
cxd4 Qb6 16. d5 Na7 17. Qe3 Qxe3 18. Rxe3 Nd7 19. Nbd2 Nb6 20. Nh2 f5 21. f3
Bd7 22. Nc4 Nxc4 23. Bxc4 Rfc8 24. Ba6 Rc2 25. Re2 Rxe2 26. Bxe2 Rc8 27. Bd3
Rc5 28. Nf1 fxe4 29. fxe4 Nc8 30. Nd2 a4 31. Kf2 Kf7 32. Ke2 Ke7 33. Kd1 Nb6
34. Rc1 Rxc1+ 35. Kxc1 Be8 36. a3 bxa3 37. bxa3 g5 38. Nc4 Nxc4 39. Bxc4 Kf6
40. g4 Bd7 41. Kd2 h5 42. Be2 hxg4 43. hxg4 Ke7 44. Kc3 Kd8 45. Kb4 Kc7 46. Ka5
Kb7 1/2-1/2

[Event "IV Trofeo Giorgio Porreca A"]
[Site "Napoli ITA"]
[Date "2014.10.09"]
[Round "3"]
[White "Ghiani, Marco"]
[Black "Supino, Domenico"]
[Result "1/2-1/2"]
[WhiteElo "1683"]
[BlackElo "2059"]
[PlyCount "171"]
[EventDate "2014.09.25"]

1. d4 d5 2. c4 e5 3. cxd5 Qxd5 4. dxe5 Qxe5 5. a3 Bd6 6. Nf3 Qe7 7. Nc3 c6 8.
e4 Nf6 9. Bd3 O-O 10. O-O Bg4 11. Bg5 Nbd7 12. Re1 Ne5 13. Be2 Rad8 14. Qc2
Nxf3+ 15. gxf3 Bh5 16. f4 Bg6 17. f5 Qe5 18. f4 Qc5+ 19. Kh1 Nxe4 20. fxg6 Nxg5
21. fxg5 hxg6 22. Rg1 Bf4 23. Rad1 Bxg5 24. Bd3 Be3 25. Rg2 Qe5 26. Qe2 Rfe8
27. Bc4 Rxd1+ 28. Nxd1 Bd4 29. Qxe5 Rxe5 30. Re2 Rg5 31. Nf2 Kf8 32. h3 Rg3 33.
Ne4 Rxh3+ 34. Kg2 Re3 35. Rxe3 Bxe3 36. b4 b5 37. Bb3 Ke7 38. Kf3 Bc1 39. a4
Ba3 40. axb5 cxb5 41. Nc3 a6 42. Nd5+ Kd6 43. Kf4 Bc1+ 44. Kf3 g5 45. Nc3 f5
46. Ne2 Bd2 47. Nd4 g4+ 48. Ke2 Bxb4 49. Nxf5+ Ke5 50. Nxg7 Bc3 51. Be6 Kf6 52.
Bxg4 Kxg7 53. Kd3 Bf6 54. Bc8 a5 55. Bd7 b4 56. Ba4 Bd8 57. Ke4 Kf6 58. Kd5 Ke7
59. Ke5 Bb6 60. Bb3 Kd8 61. Kd6 Kc8 62. Kc6 Bc7 63. Ba4 Kb8 64. Bb3 Bd8 65. Ba4
Ka7 66. Kb5 Bb6 67. Bb3 Bd8 68. Bd5 Kb8 69. Bb3 Bc7 70. Be6 Kb7 71. Bd5+ Kc8
72. Bb3 Kd7 73. Ba4 Kd6 74. Kc4 Ke5 75. Bc2 Bd8 76. Kc5 Kf4 77. Ba4 Ke3 78. Kc4
Kd2 79. Kb3 Kd3 80. Bb5+ Kd4 81. Ba4 Bb6 82. Be8 Kd3 83. Bb5+ Kd2 84. Ba4 Kc1
85. Bb5 Kd2 86. Ba4 1/2-1/2

[Event "IV Trofeo Giorgio Porreca A"]
[Site "Napoli ITA"]
[Date "2014.10.09"]
[Round "3"]
[White "Zinnai, Graziano Matteo"]
[Black "Soave, Vittorio"]
[Result "1-0"]
[WhiteElo "2082"]
[BlackElo "1658"]
[PlyCount "101"]
[EventDate "2014.09.25"]

1. e4 e6 2. d4 d5 3. Nd2 Nf6 4. e5 Nfd7 5. Bd3 c5 6. c3 Nc6 7. Ne2 Be7 8. f4
cxd4 9. cxd4 b6 10. Nf3 Bb7 11. O-O Rc8 12. f5 O-O 13. Nc3 exf5 14. Nxd5 g6 15.
Nxe7+ Nxe7 16. Bh6 Re8 17. Qe1 Nd5 18. Bxf5 Ba6 19. Qg3 Bxf1 20. Rxf1 Rc6 21.
e6 Rcxe6 22. Bxe6 Rxe6 23. Ng5 Re7 24. Qd6 Ne3 25. Nxf7 Qe8 26. Bxe3 Rxe3 27.
Ng5 Re1 28. Qf4 Rxf1+ 29. Kxf1 h6 30. Qe4 Qxe4 31. Nxe4 Kf7 32. Ke2 Ke6 33. Kd3
Kd5 34. Nc3+ Ke6 35. Nb5 a5 36. Nc3 Nf6 37. Kc4 g5 38. Kb5 Nd7 39. Na4 Kd5 40.
Nxb6+ Nxb6 41. Kxb6 Kxd4 42. Kxa5 Ke3 43. b4 Kf2 44. g4 Kg2 45. b5 Kxh2 46. b6
Kg3 47. b7 Kxg4 48. b8=Q h5 49. Qh2 h4 50. Qg2+ Kf4 51. Qh3 1-0

[Event "IV Trofeo Giorgio Porreca A"]
[Site "Napoli ITA"]
[Date "2014.10.09"]
[Round "3"]
[White "Solombrino, Giovanni"]
[Black "Ficco, Corrado"]
[Result "0-1"]
[WhiteElo "1864"]
[BlackElo "2027"]
[PlyCount "87"]
[EventDate "2014.09.25"]

1. e4 g6 2. d4 Bg7 3. Nf3 d6 4. Be2 e6 5. h3 Ne7 6. O-O Nd7 7. Be3 h6 8. Bd3 a6
9. Nc3 b6 10. Ne2 Bb7 11. Nd2 c5 12. c3 Qc7 13. b4 O-O 14. f4 f5 15. Ng3 Rae8
16. Nf3 fxe4 17. Bxe4 Bxe4 18. Nxe4 Nd5 19. Qd2 Nxe3 20. Qxe3 d5 21. Nf2 cxd4
22. cxd4 Qxf4 23. Qd3 Kh7 24. Rac1 Rc8 25. Rxc8 Rxc8 26. Qxa6 Rc1 27. Rxc1
Qxc1+ 28. Qf1 Qe3 29. Qd3 Qc1+ 30. Qf1 Qb2 31. Qe1 Bxd4 32. Nxd4 Qxd4 33. Qxe6
Ne5 34. Qe7+ Kg8 35. Qe8+ Kg7 36. Qe7+ Nf7 37. Kf1 Qa1+ 38. Qe1 Qxa2 39. Qc3+
Kh7 40. Qf6 Qb1+ 41. Ke2 Qc2+ 42. Kf3 Ng5+ 43. Kg3 Qc7+ 44. Kh4 0-1

[Event "IV Trofeo Giorgio Porreca A"]
[Site "Napoli ITA"]
[Date "2014.10.09"]
[Round "3"]
[White "Esposito, Rosario"]
[Black "Auletta, Angelo"]
[Result "0-1"]
[WhiteElo "1805"]
[BlackElo "2168"]
[PlyCount "52"]
[EventDate "2014.09.25"]

1. d4 Nf6 2. c4 e6 3. Nc3 Bb4 4. e3 c5 5. Bd3 O-O 6. Nge2 d5 7. a3 cxd4 8. exd4
dxc4 9. Bxc4 Be7 10. Bd3 b6 11. O-O Bb7 12. Be3 Na6 13. Rc1 Nc7 14. Ng3 Ncd5
15. Nce4 Qd7 16. Bg5 Rfd8 17. Qc2 Rac8 18. Qb1 h6 19. Nxf6+ Nxf6 20. Be3 Qd5
21. f3 Ng4 22. Be4 Qb3 23. Bxh6 Bxe4 24. Qxe4 Nxh6 25. Rxc8 Rxc8 26. Qb7 Re8
0-1

[Event "IV Trofeo Giorgio Porreca A"]
[Site "Napoli ITA"]
[Date "2014.10.09"]
[Round "3"]
[White "Messina, Enrico"]
[Black "Caiazzo, Diego"]
[Result "1-0"]
[WhiteElo "2135"]
[BlackElo "1754"]
[PlyCount "123"]
[EventDate "2014.09.25"]

1. e4 e6 2. d3 c5 3. g3 d6 4. Bg2 Nc6 5. f4 g6 6. Nf3 Bg7 7. O-O Nge7 8. Nc3
O-O 9. Be3 Nd4 10. Qd2 Nxf3+ 11. Bxf3 Nc6 12. Bg2 Bd4 13. Nd1 Bxe3+ 14. Nxe3
Ne7 15. Kh1 f6 16. Rad1 d5 17. Qf2 d4 18. Nc4 Rb8 19. a4 Bd7 20. b3 Bc6 21.
Rde1 Qc7 22. g4 Rbe8 23. Qh4 a6 24. Rf3 Nc8 25. f5 g5 26. Qf2 e5 27. h4 h6 28.
Rh3 Re7 29. Bf3 Rff7 30. Qh2 Rh7 31. Kg2 Reg7 32. Rh1 b5 33. axb5 axb5 34. Nd2
Qa7 35. hxg5 hxg5 36. Rh6 Qf7 37. Qg1 Rxh6 38. Rxh6 Rh7 39. Rxh7 Qxh7 40. Nf1
Be8 41. Ng3 Qa7 42. Qh1 Qh7 43. Qc1 Qa7 44. Be2 b4 45. Nf1 Nd6 46. Nh2 Nb5 47.
Nf3 Nc3 48. Bf1 Qa2 49. Nxg5 fxg5 50. Qxg5+ Kf8 51. Qf6+ Bf7 52. Qh8+ Bg8 53.
f6 Qxc2+ 54. Kg3 Nxe4+ 55. dxe4 Qxb3+ 56. Kf2 Qf7 57. Qh6+ Ke8 58. Qg5 Qe6 59.
Qg7 Kd8 60. Qf8+ Qe8 61. Qxc5 b3 62. Qb6+ 1-0

[Event "IV Trofeo Giorgio Porreca A"]
[Site "Napoli ITA"]
[Date "2014.10.09"]
[Round "3"]
[White "Gonzini, Gianmaria"]
[Black "Pellegrino, Carlo"]
[Result "1-0"]
[WhiteElo "1967"]
[BlackElo "1557"]
[PlyCount "49"]
[EventDate "2014.09.25"]

1. Nf3 d5 2. e3 e6 3. b3 c6 4. Bb2 f5 5. g4 Nf6 6. g5 Ne4 7. h4 Qc7 8. Ne5 Bd6
9. Qh5+ g6 10. Nxg6 Qf7 11. Bxh8 Qxg6 12. Qxg6+ hxg6 13. d3 Nc5 14. f4 b5 15.
Nd2 Ba6 16. Nf3 Nbd7 17. h5 Nf8 18. h6 Nh7 19. Be2 Nd7 20. Nh4 Kf7 21. Nxg6 Rg8
22. Bg7 Ndf8 23. Nxf8 Bxf8 24. g6+ Ke7 25. gxh7 1-0